000 00460nam a2200181Ia 4500
001 9172
005 20260306160704.0
008 260306t2005||||xx |||||||||||||| ||spa||
041 _aESP
082 _a374.025
_bP48 V. 3
100 _aThomson Peterson's
_eAUT
245 0 _aPeterson´s graduate programs in the biological sciences
260 _c2005
300 _av, 1665 páginas :
_c28 cm.
650 _aGEN
654 _aCED
942 _cLIB
_dJUS
_fJUS
_2ddc
_n
999 _c9172
_d9172